000
00309nam a22001337a 4500
008
171218b xxu||||| |||| 00| 0 eng d
020
_a
9780316293877
041
_a
eng
080
_2
5TH
_a
61
100
_a
3
101
_a
SHM
245
_a
PROBLEM-ORIENTED MEDICAL DIAGNOSIS
_c
FRIEDMAN,H,H
942
_2
udc
_c
BK
999
_c
39063
_d
39063